"Joinville urának levele X. Lajos királyhoz" - és ami mögötte van
Elmentve itt :
| Szerző: | |
|---|---|
| További közreműködők: | |
| Dokumentumtípus: | Könyv része |
| Megjelent: |
2018
|
| Sorozat: | Fontes et Libri
1 Urbs, civitas, universitas: ünnepi tanulmányok Petrovics István 65. születésnapja tiszteletére 1 |
| Kulcsszavak: | X. Civakodó Lajos - francia - király, Franciaország története - 1315 - forráselemzés |
| Tárgyszavak: | |
| Online Access: | http://acta.bibl.u-szeged.hu/66280 |
| LEADER | 00968naa a2200241 i 4500 | ||
|---|---|---|---|
| 001 | acta66280 | ||
| 005 | 20220104141026.0 | ||
| 008 | 200421s2018 hu o 0|| hun d | ||
| 020 | |a 978-963-306-643-0 | ||
| 022 | |a 2676-8666 | ||
| 040 | |a SZTE Egyetemi Kiadványok Repozitórium |b hun | ||
| 041 | |a hun | ||
| 100 | 1 | |a Csernus Sándor | |
| 245 | 1 | 0 | |a "Joinville urának levele X. Lajos királyhoz" - és ami mögötte van |h [elektronikus dokumentum] / |c Csernus Sándor |
| 260 | |c 2018 | ||
| 300 | |a 67-73 | ||
| 490 | 0 | |a Fontes et Libri |v 1 | |
| 490 | 0 | |a Urbs, civitas, universitas: ünnepi tanulmányok Petrovics István 65. születésnapja tiszteletére |v 1 | |
| 650 | 4 | |a Bölcsészettudományok | |
| 650 | 4 | |a Történettudomány és régészet | |
| 695 | |a X. Civakodó Lajos - francia - király, Franciaország története - 1315 - forráselemzés | ||
| 700 | 0 | 1 | |a Joinville Jean de |
| 856 | 4 | 0 | |u http://acta.bibl.u-szeged.hu/66280/1/petrovics_65_067-073.pdf |z Dokumentum-elérés |